Physical Chemistry: Methods, Techniques, and Experiments
Збережено в:
| Автор: | |
|---|---|
| Формат: | Книга |
| Мова: | Англійська |
| Опубліковано: |
Filadelfia
Saunders College Publishing
1990
|
| Предмети: | |
| Теги: |
Додати тег
Немає тегів, Будьте першим, хто поставить тег для цього запису!
|
MARC
| LEADER | 00000nam a2200000 a 4500 | ||
|---|---|---|---|
| 001 | UCH1181 | ||
| 003 | CL-VaPUC | ||
| 008 | 090409e19900000US |||||||||||||||||eng|d | ||
| 020 | |a 0030094992 | ||
| 082 | 0 | 4 | |a 541.3 |b SIM |2 21 |
| 100 | 0 | |a Sime, Rodney J |e author |9 535553 | |
| 245 | 1 | 0 | |a Physical Chemistry: Methods, Techniques, and Experiments |
| 300 | |a 806 p | ||
| 942 | |c BK | ||
| 945 | |d 20090409 00:00:00 |a dcastane | ||
| 260 | |a Filadelfia |b Saunders College Publishing |c 1990 | ||
| 650 | 0 | |a Química física |9 260596 | |
| 650 | 7 | |a EXPERIMENTOS |2 CL-VaPUC |9 270782 | |
| 650 | 7 | |a METODOS |2 CL-VaPUC |9 335948 | |
| 650 | 0 | |a Técnica de vacío |9 535554 | |
| 650 | 7 | |a TEMPERATURA |2 CL-VaPUC |9 535555 | |
| 583 | |a last modification |c 20090409 00:00:00 |k Rodrigo Vera | ||
| 999 | |c 333253 |d 333251 | ||
| 952 | |0 0 |1 0 |4 0 |6 541_300000000000000_SIM_1990 |7 0 |8 A |9 421494 |a BIBING |b BIBING |d 2019-11-22 |i 453459K |o 541.3 SIM 1990 |p 453459K |r 2025-01-20 |w 2019-11-22 |y BK |k EIQ | ||